Fitness for sport

Bibliographic Details
Main Author: Hazeldine, Rex (Author)
Format: Book
Language:English
Published: Marlborough : The Growood Press 1987
Subjects:

MARC

LEADER 00000cam a2200000 7i4500
001 0000010071
005 20240918.0
008 030424 mau eng
020 |a 1852230851 
040 |a INS   |b eng   |e rda 
090 0 0 |a GV711.5   |b H39 1987 
100 1 |a Hazeldine, Rex ,   |e author 
245 1 0 |a Fitness for sport   |c Rex Hazeldine 
264 1 |a Marlborough :   |b The Growood Press   |c 1987 
264 4 |c ©1985 
300 |a 122 pages :   |b illustrations ;   |c 24 cm. 
336 |a text  |2 rdacontent 
337 |a unmediated  |2 rdamedia 
338 |a volume  |2 rdacarrier 
500 |a Includes index 
650 0 |a Physical fitness 
650 0 |a Sports   |x Physical aspects 
999 |a 0000008687   |b BOOK   |c Open Shelf   |e Default branch